Jubiabá /

Guardado en:
Autor Principal: Amado, Jorge.
Otros Autores: Losada, Basilio; trad.
Formato: Libro
Idioma:Undetermined
Publicado: Buenos Aires : Hyspamérica, 1983.
Edición:1a ed.
Series:Historia Universal de la Literatura ; 37
Materias:
Etiquetas: Agregar Etiqueta
Sin Etiquetas, Sea el primero en etiquetar este registro!
LEADER 00656nam a22002055a 4500
001 CEM.cems024582
008 250506s1983####ag############000#0#und#d
005 20250506174720.0
245 1 0 |a Jubiabá /  |c Jorge Amado ; traducción de Basilio Losada. 
250 |a 1a ed. 
260 |a Buenos Aires :  |b Hyspamérica,  |c 1983. 
300 |a 318 p. 
490 1 |a Historia Universal de la Literatura ;  |v 37 
020 |a 9506140553 
100 1 |a Amado, Jorge. 
700 1 |a Losada, Basilio; trad. 
653 |a Novela brasileña 
653 |a Literatura brasileña 
653 |a Literatura hispanoamericana 
859 |a CEMS  |b BIB. CEMS - 11 de abril  |h B869.24  |i Am12-1  |p 29773.25  |t Ej.1